00595 2200205 4500001002100000005001500021035002000036245010200056100001900158250000600177300003100183700002100214260004800235082001000283084001600293020002200309650002400331990001700355990001700372INLIS00000000000039720181013025659 a0010-10180000871 aSeri Keterampilan :bKamu Bisa Bikin Perhiasan Mainan /cPutri Dewi M.R; Editor, Risman Sikumbang0 aPutri Dewi M.R a- a64 hlm. :bilus. ;c25 cm.0 aRisman Sikumbang aBogor :bYudhistira Ghalia Indonesia,c2008 a745.5 a745.5 PUT s a978-979-019-206-5 aKeterampilan Tangan a01522/P/2018 a01522/P/2018